Sports Quiz

Random Sports or Football Quiz

NFL Most QB Starts By Team (1999-2010) Quiz Stats

 Plays Quiz Updated Aug 7, 2017

Score 0/149 Timer 13:00
1 Play Today
% Correct
Peyton Manning
96%
Eli Manning
95.8%
Kurt Warner
93.5%
Kurt Warner
93.5%
Kurt Warner
93.5%
Tom Brady
92.9%
Brett Favre
92.9%
Brett Favre
92.9%
Brett Favre
92.9%
Drew Brees
90.7%
Drew Brees
90.7%
Joe Flacco
90.4%
Carson Palmer
89.6%
Aaron Rodgers
89.6%
Tony Romo
89.3%
Michael Vick
88.1%
Michael Vick
88.1%
Matt Ryan
88%
Alex Smith
86.6%
Donovan McNabb
86.3%
Jay Cutler
86.2%
Akili Smith
86%
Ben Roethlisberger
85.5%
Phillip Rivers
85.2%
Drew Bledsoe
82.9%
Drew Bledsoe
82.9%
Drew Bledsoe
82.9%
Jay Cutler
81.5%
Steve McNair
80.2%
Steve McNair
80.2%
Jake Delhomme
80.1%
Matt Hasselbeck
80.1%
David Carr
79.4%
Daunte Culpepper/Shaun Hill
78.7%
Daunte Culpepper
78.3%
Matt Schaub
77.3%
Matthew Stafford
76.6%
Brad Johnson
75.4%
Brad Johnson
75.4%
Brad Johnson
75.4%
Doug Johnson
75.2%
Vince Young
75%
Chad Pennington
72.8%
Chad Pennington
72.8%
Trent Green
70.9%
Jake Plummer
70.7%
Jake Plummer
70.7%
Matt Cassel
70.7%
Matt Cassel
70.7%
Doug Flutie/Rob Johnson
69.9%
% Correct
David Garrard
69%
Mark Brunell
68.6%
Mark Brunell
68.6%
Jeff Garcia
68.6%
Jeff Garcia
68.6%
Rich Gannon
68.5%
Kerry Collins
68.4%
Kerry Collins
68.4%
Kerry Collins
68.4%
Marc Bulger
66.6%
Kyle Orton
65.6%
Kyle Orton
65.6%
Derek Anderson
64.8%
Jay Fiedler/Jonathan Quinn/Trent Edwards/Todd Bouman
64.5%
Vinny Testaverde
62.9%
Vinny Testaverde
62.9%
Byron Leftwich
62.1%
Jon Kitna
61.7%
Jon Kitna
61.7%
Jon Kitna
61.7%
Aaron Brooks
61.2%
Trent Green
60.2%
Trent Dilfer
59.8%
Tim Couch
58.8%
Mark Sanchez
57.4%
Ryan Fitzpatrick
56.8%
Kordell Stewart
55.3%
Jason Campbell
54.9%
Jason Campbell
54.9%
JaMarcus Russell
54.7%
Tavaris Jackson
54.2%
Trent Edwards
53.3%
Matt Leinart
53.3%
Joey Harrington
52.5%
Joey Harrington
52.5%
Brady Quinn
51.9%
Chad Henne
51.3%
Doug Flutie
50.1%
Matt Flynn
50.1%
Jay Fiedler
48.8%
Shaun Hill
48.7%
Josh Freeman
48.4%
Tommy Maddox
48.4%
Troy Aikman
48.3%
Quincy Carter
48.2%
Kent Graham
48.1%
Charlie Batch
47.6%
Charlie Batch
47.6%
J.P. Losman
47.3%
Brian Griese
46.9%
% Correct
Brian Griese
46.9%
Kyle Boller
46%
Rex Grossman
45.3%
Jeff Blake
45%
Sam Bradford
43.8%
Chris Chandler
43.7%
Dan Marino
43%
Kelly Holcomb
41.6%
Jamie Martin
41.5%
Elvis Grbac
40.4%
Matt Moore
38.2%
Josh McCown
37.5%
Ryan Fitzpatrick
36.3%
Seneca Wallace
32.8%
Andrew Walter/Josh McCown
31%
Chris Weinke
30%
Mike McMahon/Kevin Kolb/A.J. Feeley
29.5%
Gus Frerotte
29.2%
Gus Frerotte
29.2%
Gus Frerotte
29.2%
Jim Miller
28.9%
Anthony Wright/Elvis Grbac
27.7%
Sage Rosenfels
27.6%
Tony Banks
27.2%
Tony Banks
27.2%
Tony Banks
27.2%
Shaun King
26.6%
Steve Beuerlein
26.3%
Ryan Leaf
26.3%
Jeff Blake
24.7%
Jeff Blake
24.7%
Billy Volek
23.8%
Tyler Thigpen
22.6%
Rodney Peete
22.1%
Neil O'Donnell
22%
Patrick Ramsey
21.1%
Damon Huard
20.6%
Brock Huard
20.6%
Billy Joe Hobert
20%
Shane Matthews/Cade McNown
18.7%
Jim Harbaugh
17.5%
Charlie Frye
16.8%
Tim Rattay
15.8%
Quinn Gray
11.8%
Kent Graham/Mike Tomczak
11.5%
Ken Dorsey
10.9%
Doug Pederson
9.9%
Billy Joe Tolliver
8.9%
Dave Ragone
5.2%

You're not logged in!

Compare scores with friends on all Sporcle quizzes.
OR
Log In

Show Comments

Extras

Top Quizzes Today


Score Distribution

Your Account Isn't Verified!

In order to create a playlist on Sporcle, you need to verify the email address you used during registration. Go to your Sporcle Settings to finish the process.

Report this User

Report this user for behavior that violates our Community Guidelines.

Details: